Mô hình toán các hệ thống sinh thái = Mathematical models of ecological systems Giáo trình dùng cho các sinh viên, nghiên cứu sinh toán ứng dụng và các ngành Khoa học phi toán

Sách giới thiệu cấu trúc toán học của các hệ thống sinh thái; trình bày các mô hình toán học : mô hình động học, mô hình ngẫu nhiên, mô hình cấu trúc trong việc tìm hiểu, giải thích và quản lý mối quan hệ giữa sinh vật và môi trường - sin...

Descrizione completa

Salvato in:
Dettagli Bibliografici
Autore principale: CHU ĐỨC
Natura: Libro
Lingua:Undetermined
Pubblicazione: H.,H. ĐHQG 2001
Tags: Aggiungi Tag
Nessun Tag, puoi essere il primo ad aggiungerne! !
Thư viện lưu trữ: Trung tâm Học liệu Trường Đại học Cần Thơ
LEADER 01012nam a2200181Ia 4500
001 CTU_50591
008 210402s9999 xx 000 0 und d
082 |a 577.0151 
082 |b Đ552 
100 |a CHU ĐỨC 
245 0 |a Mô hình toán các hệ thống sinh thái = Mathematical models of ecological systems 
245 0 |b Giáo trình dùng cho các sinh viên, nghiên cứu sinh toán ứng dụng và các ngành Khoa học phi toán 
245 0 |c CHU ĐỨC 
260 |a H.,H. 
260 |b ĐHQG 
260 |c 2001 
520 |a Sách giới thiệu cấu trúc toán học của các hệ thống sinh thái; trình bày các mô hình toán học : mô hình động học, mô hình ngẫu nhiên, mô hình cấu trúc trong việc tìm hiểu, giải thích và quản lý mối quan hệ giữa sinh vật và môi trường - sinh thái học - . 
980 |a Trung tâm Học liệu Trường Đại học Cần Thơ